| 000 | 00353 a2200157 4500 | ||
|---|---|---|---|
| 001 | 72114 | ||
| 020 | _a8532247733 | ||
| 040 | _cAnchieta - Colégio São Paulo | ||
| 100 | _aMurray, Roseana | ||
| 240 | 1 | 0 |
_aManual da delicadeza _lpor |
| 245 | 1 | 0 | _aManual da delicadeza |
| 300 | _a31 | ||
| 362 | 0 | _a2001 | |
| 650 | 4 | _aLiteratura infantil | |
| 942 | _cBK | ||
| 999 |
_c72114 _d72114 |
||